LEADER 00896nam0 2200289 i 450 001 996269148303316 005 20180927102240.0 010 $a978-88-921-1505-7 100 $a20180522d2018----||||0itac50 ba 101 $aita 102 $aIT 200 1 $aFondamenti di diritto della previdenza sociale$fMattia Persiani, Madia D'Onghia 205 $a2. ed 210 $aTorino$cGiappichelli$d2018 215 $aXI, 385 p.$d24 cm 500 10$aFondamenti di diritto della previdenza sociale$91519787 606 0 $aPrevidenza sociale$yItalia$yDiritto$2BNCF 676 $a344.4502 700 1$aPERSIANI,$bMattia$0102605 701 1$aD'ONGHIA,$bMadia$0280107 801 0$aIT$bsalbc$gISBD 912 $a996269148303316 951 $aXXV.2.G. 222$b88005 G.$cXXV.2.G.$d416020 959 $aBK 969 $aGIU 996 $aFondamenti di diritto della previdenza sociale$91519787 997 $aUNISA